000 00716nam a2200193Ia 4500
003 GCL
008 140319s9999 xx 000 0 ara d
040 _aGCL /
_cGCL
082 0 4 _aد
_b050
100 1 _aمحمد السيد سعيد
245 1 0 _aمستقبل النظام العربى بعد ازمة الخليج (عالم المعرفة 158) /
_cمحمد السيد سعيد
260 _a[S.N] :
_bالمجلس الوطنى للثقافة والفنون والاداب
490 _aعالم المعرفة
_v0
650 0 4 _aالعالم العربى
650 0 4 _aالاحوال السياسية
650 0 4 _aحرب الخليج
650 0 4 _aالنظام العالمى الحديث
942 _2ddc
_cBK
999 _c36285
_d36285